Polskie miasta, przez które przechodzi południk 16 - Statystyki

Ogólne statystyki
  • Ten quiz został rozwiązany 16 razy
  • Średni wynik to 2 z 7
Statystyki odpowiedzi
Województwo Szerokość geograficzna Miasto % Poprawnych
Dolnośląskie 51°40'41.7"N Głogów
62%
Zachodniopomorskie 54°00'27.2"N Białogard
23%
Dolnośląskie 50°47'05.2"N Kamienna Góra
23%
Zachodniopomorskie 53°31'49.9"N Złocieniec
23%
Wielkopolskie 52°52'43.8"N Krzyż Wielkopolski
15%
Dolnośląskie 50°42'31.8"N Lubawka
15%
Lubuskie 51°53'47.9"N Sława
15%
Nie znaleziono quizów pasujących do podanych kryteriów
Rozkład punktacji
Procent ludzi z każdym wynikiem
Percentyl według liczby udzielonych odpowiedzi
Twoja historia wyników
Nie rozwiązałeś tego quizu